00630 2200241 4500001002100000005001500021035002000036007000300056008004100059020001800100082001100118084001700129100002000146245006000166250001700226260002600243300003900269650001500308700001700323700001800340505001300358990001700371INLIS00000000000998120260511093621 a0010-0526000024ta260511 g 0 ind  a979-448-697-3 a616.15 a616.15 HOF k0 aHoffbrand A. V.1 aKapita Selekta Hematologi :bEdisi 4 /cA. V. Hoffbrand a4, Cet. Ke-1 aJakarta :bEGC,c2005 aix, 328 hlm :bilus. ;c21 x 27 cm 4aHematologi0 aJ. E. Pettit0 aP. A. H. Moss ahlm. 328 a202500223290